Outlines of social philosophy (Record no. 373075)

000 -LEADER
fixed length control field 00324cam a22001217a 4500
008 - FIXED-LENGTH DATA ELEMENTS--GENERAL INFORMATION
fixed length control field 180718b1952 xxu||||| |||| 00| 0 eng d
082 ## - DEWEY DECIMAL CLASSIFICATION NUMBER
Classification number B1 M199
100 ## - MAIN ENTRY--PERSONAL NAME
Personal name Mackenzie, J.S.
245 ## - TITLE STATEMENT
Title Outlines of social philosophy
Statement of responsibility, etc. by J.S. Mackenzie
260 ## - PUBLICATION, DISTRIBUTION, ETC.
Place of publication, distribution, etc. London
Name of publisher, distributor, etc. Allen and Unwin
Date of publication, distribution, etc. 1952
300 ## - PHYSICAL DESCRIPTION
Extent 284p.
650 ## - SUBJECT ADDED ENTRY--TOPICAL TERM
Topical term or geographic name entry element Sociology
Holdings
Withdrawn status Lost status Damaged status Not for loan Permanent Location Current Location Date acquired Full call number Barcode Date last seen Price effective from Koha item type
        Indian Institute of Public Administration Indian Institute of Public Administration 2009-03-13 B1 M199 9304 2018-07-21 2018-07-21 Book
        Indian Institute of Public Administration Indian Institute of Public Administration 1994-06-18 B1 M199 5814 2018-07-21 2018-07-21 Book

Powered by Koha